| 000 | 00640nam a2200145 a 4500 | ||
|---|---|---|---|
| 008 | 060606s2003 xx |||||||||||||| || u | ||
| 050 | _aTHESIS | ||
| 100 | _aMtambo, Catherine Mutale | ||
| 245 | 1 | 2 |
_aA survey of internet services delivered for e-commerce and other business use in Zambia _cMBA thesis supervised by Nessan Ronan |
| 260 |
_a _bCopperbelt University, School of Business, MBA Programme _c2003 |
||
| 350 | _a0.00 | ||
| 650 | 0 | _aCOMMERCE | |
| 650 | _aELECTRONIC COMMERCE--ZAMBIA | ||
| 995 |
_D0.00 _FCBU-MAIN LIBRARY (Kitwe) _H1 _I0.00 _M1 _UAVAILABLE _WJun 6, 2006 _ZUniversity Collection |
||
| 999 |
_c59168 _d59168 |
||